01251nam a22002417a 450000500170000000800410001702000150005804000090007304100080008205000140009008200180010410000230012224500330014526000310017830000250020936500140023444000230024852006510027165000140092265000230093665000250095970000250098420220409114547.0220409b ||||| |||| 00| 0 eng d a8171676227 cAloy aeng a929bGUPA 223a929bGUPA aSubhadra Sen Gupta aAkbar:bThe magnificent king aNew DelhibRupa & Coc2002 a70 p.bHBc16x13 cm. 2Biography aCharitavali series aA series of biographies dedicated to the legends of India. "Charitavali is a series of biographies dedicated to the legendary figures of India. The series presents the lives of great kings, freedom fighters, political thinkers, social reformers, pioneers of industry, scientists, philosophers, artists, musicians, dancers, film stars, writers and sports people. The biographies have been written for the reader who is curious about the lives and achievements of these legends. Full of fascinating anecdotes and facts, written in an easy storytelling style, the biographies will make these great Indians and their times come alive for the reader." aBiography aIndia Mogul Empire aEmperor of Hindustan aGUPTA (Subhadra Sen)